000 00372nam a2200121Ia 4500
008 240731s9999 xx 000 0 und d
022 _a1476-3540
245 0 _aAstronomical & Astrophysical Transactions : The Journal of the Eurasian Astronomical Society
260 _bTaylor & Francis
856 _uhttps://www.tandfonline.com/loi/gaat20
942 _2ddc
942 _cTFEJ
999 _c75482
_d75482
945 _a1
_bMadushi Gamage
_c1
_dMadushi Gamage